000 00758nas a2200253 4500
001 BR0905102
003 BR-BrBNA
005 20231205113605.0
007 ta
008 230509b bl.|||p| |||| 00| 00por d
040 _aBR-BrBNA
_bpor
_cBiblioteca Nacional de Agricultura
041 _a(Pt)
072 _aL70; L40
100 1 _aAguiar, E.S.V. de
100 1 _aSchossler, J.E.W.
100 1 _aCaríssimi, A.S.
245 1 _aTeste de introdução transdiafragmática de drenos torácicos em cadáveres de cães
650 _aCÃO
650 _aDRENO
650 _aTÓRAX
773 0 _tCiência Rural (Brazil)
_xISSN 0103-8478
_g(Nov-Dec 2007), v. 37(6) p. 1708-1711
_wBR0905102
909 _a202311
_bLúcia
_c55
_dLúcia Elande
942 _2AGRIS
_n0
_cANA
999 _c204602
_d204602